त्या वाटेच्या वळणावर (Record no. 425711)

MARC details
000 -LEADER
fixed length control field 00511nam a2200145Ia 4500
008 - FIXED-LENGTH DATA ELEMENTS--GENERAL INFORMATION
fixed length control field 100122s9999 xx 000 0 und d
082 ## - DEWEY DECIMAL CLASSIFICATION NUMBER
Item number 46626
Classification number 920
100 ## - MAIN ENTRY--PERSONAL NAME
Personal name गुप्ते ललिता
245 ## - TITLE STATEMENT
Title त्या वाटेच्या वळणावर
260 ## - PUBLICATION, DISTRIBUTION, ETC. (IMPRINT)
Name of publisher, distributor, etc उन्मेष प्रकाशन
Date of publication, distribution, etc 1992
300 ## - PHYSICAL DESCRIPTION
Extent 159
630 ## - SUBJECT ADDED ENTRY--UNIFORM TITLE
Uniform title त्या वाटेच्या वळणावर
730 ## - ADDED ENTRY--UNIFORM TITLE
Uniform title त्या वाटेच्या वळणावर
942 ## - ADDED ENTRY ELEMENTS (KOHA)
Koha item type Book
Holdings
Withdrawn status Lost status Damaged status Not for loan Home library Current library Date acquired Cost, normal purchase price Total Checkouts Full call number Barcode Date last seen Cost, replacement price Price effective from Koha item type Public note
        S.V. Pathak Library, Vile Parle S.V. Pathak Library, Vile Parle 05/30/1992 60.00   46626 SVPPARLE-46626 01/25/2010 60.00 01/25/2010 Book General NA